Pakistan: The Energy Sector A Study in Sector Planning. (Record no. 344584)
[ view plain ]
| 000 -LEADER | |
|---|---|
| fixed length control field | 00370 a2200133 4500 |
| 003 - CONTROL NUMBER IDENTIFIER | |
| control field | OSt |
| 005 - DATE AND TIME OF LATEST TRANSACTION | |
| control field | 20180116182717.0 |
| 008 - FIXED-LENGTH DATA ELEMENTS--GENERAL INFORMATION | |
| fixed length control field | 160518b xxu||||| |||| 00| 0 eng d |
| 040 ## - CATALOGING SOURCE | |
| Transcribing agency | 0 |
| 100 ## - MAIN ENTRY--PERSONAL NAME | |
| Personal name | Tariq Riaz |
| 245 ## - TITLE STATEMENT | |
| Title | Pakistan: The Energy Sector A Study in Sector Planning. |
| Statement of responsibility, etc. | Tariq Riaz. |
| 260 ## - PUBLICATION, DISTRIBUTION, ETC. | |
| Place of publication, distribution, etc. | Ferozsons Ltd Lahore |
| Date of publication, distribution, etc. | 1984. |
| 942 ## - ADDED ENTRY ELEMENTS (KOHA) | |
| Institution code [OBSOLETE] | NBS |
| Koha item type | Book |
| Call number prefix | 954.91 RLA |
| Source of classification or shelving scheme | |
| Withdrawn status | Lost status | Damaged status | Not for loan | Permanent Location | Current Location | Date acquired | Total Checkouts | Full call number | Barcode | Date last seen | Date last checked out | Price effective from | Koha item type |
|---|---|---|---|---|---|---|---|---|---|---|---|---|---|
| Central Library (CL) | Central Library (CL) | 08/28/2013 | 1 | 954.91 RLA | NBS2014 | 11/23/2017 | 08/28/2017 | 08/28/2013 | Book |
